Návrh, inštalácia a konfigurácia zariadení pre ekonomický informačný systém a zálohu dát na ústave SAV

Guardado en:
Detalles Bibliográficos
Autor principal: Opálek, Andrej, 1980- (Autor)
Otros Autores: Urbaníková, Marta, 1964- (Orientador)
Formato: Manuscrito Libro
Lenguaje:eslovaco
Publicado: STU v Bratislave MTF UIAM, 2010
Materias:
Acceso en línea:VAIS
Etiquetas: Agregar Etiqueta
Sin Etiquetas, Sea el primero en etiquetar este registro!

MARC

LEADER 00000ntm a22000003a 4500
001 stu206374
005 20150617230057.3
008 100703s2010------------------------slo-d
040 |a STU  |b slo 
041 0 |a slo 
100 1 |a Opálek, Andrej,  |d 1980-  |4 aut  |u M1000  |U MTF Materiálovotechnologická fakulta  |T MTF Ústav materiálov  |X 31499  |U M1000  |Y 81  |7 A000031499 
242 0 0 |a Proposal, installation and configuration of devices for the economic information system and data backup at the institute of SAS  |y eng 
245 1 |a Návrh, inštalácia a konfigurácia zariadení pre ekonomický informačný systém a zálohu dát na ústave SAV 
260 |b STU v Bratislave MTF UIAM,  |c 2010 
650 7 |a DHCP  |2 stusub 
650 7 |a DHCP  |2 stusub 
700 1 |a Urbaníková, Marta,  |d 1964-  |4 ths  |u M6000  |U MTF Materiálovotechnologická fakulta  |T MTF Ústav aplikovanej informatiky, automatizácie a matematiky  |X 240  |U M6000  |Y 86  |7 A000000240 
856 4 |a info a plný text  |u http://is.stuba.sk/zp/portal_zp.pl?podrobnosti=75130  |3 VAIS 
996 |c M*DP-9231  |l MMSKP  |s P  |a 0  |w stu206374_0001